00563 a2200193 45000010006000000050017000060080041000230030015000640400040000790800031001192450027001500200018001772500013001952640043002083000018002515050067002690410008003361000025003444199320260407155711.0260407a1996 arg spa dAR-UNSa-BCEJYS aAR-UNSa-BCEJYSbspacAR-UNSa-BCEJYS a330xEconomía en general10aQué es la economía a950-537-055-5 a20a. ed. 1aBuenos Aires :bEdiciones Macchic1996 a85 p.c17 cm. a1. La economía como realidad - 2. La economía como ciencia aspa1 aValsecchi, Francisco